[Event "Ashdod op"]
[Site "Ashdod"]
[Date "2004.12.12"]
[Round "5"]
[White "Kaplan, Sasha"]
[Black "Golod, Vitali"]
[Result "0-1"]
[WhiteElo "2325"]
[BlackElo "2554"]
[Annotator "Golod,V"]
[PlyCount "58"]
[EventDate "2004.12.09"]
[EventType "swiss"]
[EventRounds "9"]
[EventCountry "ISR"]
[SourceTitle "CBM 103 Extra"]
[Source "ChessBase"]
[SourceDate "2005.01.01"]
[SourceVersion "1"]
[SourceVersionDate "2005.01.01"]
[SourceQuality "1"]

{In this day there were two rounds,it was second game and I had not time for
preparing for this party.Therefore I have decided to play my favourite variant
(4...Qb6) in sicilian defence.} 1. e4 c5 2. Nf3 Nc6 3. d4 cxd4 4. Nxd4 Qb6 5.
Nb3 Nf6 6. Nc3 e6 7. Be3 Qc7 8. f3 {My young opponent have selected the most
harmless continuation for Black. Besides,you can see my annotations to two
another alternatives:} (8. Bd3 $5 {Shytaj,L-Golod,V/Lido degli Estenci,2003/
CBM 96(0-1)(23)}) (8. a3 $5 {(this move is directed against "Bb4") Blodstein,
A-Golod,V/Givatayim,2003/CBM 97(0-1)(31)}) 8... Bb4 $1 {Novelty,from the point
of view of my games.Before I played in this position: 8...a6} 9. Qd2 $140 {
White had no other worthy alternative.} d5 10. a3 Bxc3 11. Qxc3 {[%csl Gc3,Rg7]
} dxe4 12. fxe4 ({It was senselessly:} 12. Bc5 $2 {because of:} b6 $1 {and B
is obliged to leave a /^a3-f8.}) 12... O-O 13. Bd3 Ng4 $1 {I translate the
knight on ideal point "e5".} 14. Bc5 Rd8 {It became already clear,that Black
have decided all opening problems.} 15. O-O-O b6 ({It was obviously,that
impossible to take away the pawn:} 15... Nxh2 $4 16. e5 $18 {[%csl Rh2,Rh7]})
16. h3 Nge5 17. Be3 $6 {The wrong decision,this not too successful place for
black's square bishop.} (17. Bd4 $142 Bb7 $140 18. Bb5 Qe7 {/\Qg5+} 19. Be3 h6
20. Kb1 Rac8 21. Rxd8+ Qxd8 22. Bc1 $11 {Hamdouchi,H-Milov,V/Cap d'Agde,2002
(1-0)(50)}) 17... Nxd3+ 18. cxd3 $15 ({Hardly it was better:} 18. Rxd3 Ba6 19.
Rxd8+ Rxd8 $15) 18... Bb7 $1 $146 {In my opinion,it's best continuation. White
reliably have protected of the pawn "e4",therefore I should begin active
actions on the queen side.} (18... e5 $5 19. d4 exd4 20. Nxd4 Bb7 $15) ({
Another way of development of this bishop:} 18... Ba6 $5 {was checked 15 years
ago:} 19. Kb1 Rac8 20. d4 $2 (20. Nc1 $142) 20... Qg3 (20... Qb7 $1 {ףc3,Pe4})
21. Bc1 Qg6 $17 {Prie,E-Giffard,N/France,1989(1/2-1/2)(40)}) 19. Kb1 Rac8 {
<->c; ףc3} 20. Rhf1 Qe7 $1 {/\Na5 (ףc3,Nb3) All Black's pieces have occupied
ideal positions and are ready to attack a king of contender.} 21. Qe1 e5 $5 {
[%csl Rd3,Re4][%cal Ge7e6,Gb7a6] I did not want to give to my contender to
play on the following move: "d4", as then he will lose of Pe4.} ({It deserves
serious attention:} 21... Ne5 $17) 22. Rf3 {The rather doubtful decision,but
is very difficult to give good advice.} Ba6 {/^a6-f1; קd3} 23. Bf2 Qe6 24. Nc1
(24. d4 $143 exd4 25. Nxd4 Nxd4 26. Bxd4 Bb7 $17 27. Re3 $140 Rd7 {[%csl Rd4,
Re4][%cal Gc8d8]}) 24... Nd4 $1 {The excellent positional decision. After
exchange of white's bishop,I with ease can reach a weak places in camp of my
opponent.} 25. Bxd4 Rxd4 $17 26. Ne2 Rd7 27. Nc3 $2 {This move unexpectedly at
once loses a game. It was necessary:} (27. Rd2 Rdc7 {with strong pressure on
the position of white's pieces.}) 27... Qb3 $1 {[%csl Rd1][%cal Gc8c3] Black's
queen invades into white's camp,where are too many weaknesses.} 28. Kc1 ({
Also not helps for White:} 28. Ka1 Rd4 $1 {[%csl Ra1,Ra3,Gb3,Rd1,Gd4][%cal
Gc8c3]} 29. Na2 (29. Rc1 Bxd3 $19) 29... Rc2 30. Rb1 Rxg2 $19) 28... Bb5 $1 29.
Qd2 Ba4 $19 {[%csl Rc1][%cal Gb3a2,Gb3d1,Gd7c7]} (29... Ba4 {After this move
Sasha Kaplan resigns, because he could not find protection against numerous
threats:} 30. Rdf1 Qa2 {/\Qa1#} 31. Qc2 $8 Bxc2 32. Nxa2 Bxd3+) 0-1

[Event "Lido Estensi op 4th"]
[Site "Lido Estensi"]
[Date "2003.06.12"]
[Round "6"]
[White "Shytaj, Luca"]
[Black "Golod, Vitali"]
[Result "0-1"]
[WhiteElo "2327"]
[BlackElo "2538"]
[Annotator "Golod,V"]
[PlyCount "46"]
[EventDate "2003.06.06"]
[EventType "swiss"]
[EventRounds "9"]
[EventCountry "ITA"]
[SourceTitle "CBM 096"]
[Source "ChessBase"]
[SourceDate "2003.09.25"]
[SourceVersion "1"]
[SourceVersionDate "2003.09.25"]
[SourceQuality "1"]

1. e4 c5 2. Nf3 Nc6 3. d4 cxd4 4. Nxd4 Qb6 5. Nb3 Nf6 6. Nc3 e6 7. Be3 {
Besides,White has two principales moves:} (7. Qe2 $5 {[%cal Gg2g4] You can see
my annotation to Balinov,I-Golod,V/Vienna,1998/CBM 68 (0-1)(47)}) ({and} 7. Bd3
$5 {You can see my annotation to Kislov,M-Golod,V/Novy Bydzov,2002/CBM 90(0-1)
(28)}) 7... Qc7 8. Bd3 a6 9. f4 d6 10. Qf3 b5 11. g4 {[%cal Gg4g5]} Bb7 {
Earlier I considered this move dubious,but after I have won some games,I has
changed the opinion.} (11... h6 $143 {See comments to Horvath,C-Adorjan,A/
Budapest,1995/CBM 46(1-0)(Boensch,U)(29)}) 12. g5 Nd7 13. O-O-O $5 {Novelty,
from the point of view of my games.Before with me played: 13.Qh3.} Nc5 14. Kb1
Nb4 $5 {[%csl Yb4,Yc5] I am sure, it's the "best parking" for my knights.} 15.
Rhe1 $6 $146 ({The games,which have reached this position were continued as
follows:} 15. f5 O-O-O (15... Nbxd3 $5 16. cxd3 Nxb3 17. axb3 $13) 16. fxe6
fxe6 17. Nxc5 dxc5 18. Be2 $14 {Polgar,S-Plaskett,J/Hastings,1993(1/2-1/2)(43)}
) ({and} 15. Qh3 $6 Nbxd3 $1 16. cxd3 $140 b4 17. Ne2 Nxd3 18. Rxd3 Bxe4 19.
Rhd1 Rc8 $36 {[%csl Rb1,Rd3][%cal Gc7c2]} 20. Ka1 Bf5 21. Qf1 Bxd3 22. Rxd3 Be7
23. f5 e5 24. f6 $13 {Kindermann,S-Stohl,I/Hamburg,1995(1-0)(47)}) 15... Nbxd3
16. cxd3 b4 $1 {It's important intermediate move.} ({Leads to favourable
complications for White:} 16... Nxb3 17. axb3 d5 {[%csl Rf3][%cal Gb5b4]} 18.
Bd4 {[%csl Re8]}) 17. Ne2 (17. Nxc5 $4 {is refuted by:} bxc3 18. Nb3 $140 c2+ {
[%csl Rb1,Rd1]}) 17... Nxb3 18. axb3 a5 $1 $40 {[%csl Rb1][%cal Ga5a4] I want
immediately to begin pressure on the queen side.} 19. f5 e5 20. Bd2 {[%csl Yd2]
[%cal Yd2b4]} ({I do not think that it was better:} 20. d4 $6 a4 21. bxa4 $140
Qc4 $1 $40 {[%csl Rb1,Re4][%cal Ga8a4]}) (20. f6 $143 a4 21. bxa4 Rxa4 22. Rf1
g6 $15) (20. Rc1 $2 Qd7 21. Bb6 Qb5 22. Qe3 Ra6 $1 23. Bc7 a4 $17 {[%csl Rb1]})
20... a4 21. Bxb4 $2 ({After:} 21. Nc1 $4 {White immediately loses a game:} Rc8
{[%csl Rb1][%cal Gc7c2]} 22. Bxb4 $140 Qc2+ 23. Ka2 (23. Ka1 axb3 24. Ba3 Ra8
$19 {[%cal Ga8a3]} 25. Qe2 Rxa3+ 26. bxa3 b2+ 27. Ka2 b1=Q#) 23... Ra8 {
[%csl Ra2][%cal Ga4b3]} 24. bxa4 Rxa4+ 25. Ba3 d5 $19 {[%csl Ra2][%cal Ga4a3]})
({Also badly:} 21. Rc1 $2 {because of:} Qa5 22. Kc2 axb3+ (22... d5 $5 $17 {
[%cal Gf8d6]}) 23. Kd1 $8 Qa2 $17 {[%csl Rb2]}) ({Can be recommended:} 21. bxa4
Rxa4 22. b3 (22. Nc1 $5 Qa5 23. Nb3 Qa6 $15) 22... Ra3 23. Kb2 (23. Nc1 $143
Qa5 24. Kb2 Be7 $17 {[%cal Ge7d8,Gd8b6,Ye8g8,Yh8f8]}) 23... Qa5 $1 (23... Ra2+
$143 {Initially I studied only this continuation.} 24. Kxa2 Qc2+ 25. Ka1 Be7 {
/\0-0 (or Kd7) and Ra8#} 26. Be3 (26. Qe3 $2 Kd7 27. Qa7 Ra8 28. Qxa8 Bxa8 29.
Nc1 d5 $1 $17 {[%csl Ra1]}) (26. Bxb4 $5 Qxb3 27. Rb1 $1 (27. Bc3 $2 O-O 28.
Bb2 Qc2 $1 {[%cal Gf8a8]} 29. d4 Ra8+ 30. Ba3 d5 $17 {[%csl Ra3]} 31. Rc1 Qa4
$19) (27. Nc1 $6 Qxb4 $40 {[%csl Ra1]}) 27... Qa4+ 28. Kb2 $8 Qxb4+ 29. Kc2
Qa4+ $13) 26... O-O 27. Ba7 Ra8 (27... Bxg5 $5 {[%cal Yg5c1]}) 28. Qf2 (28. Qe3
$2 Qxb3 $17 {[%csl Ra7][%cal Gb3a3]} 29. f6 (29. Rd2 $2 Bxg5 $19 {[%csl Ra1,
Ra7,Ga8,Gb3,Rd2,Ye3][%cal Gg5e3]}) 29... Qa3+ 30. Kb1 Bd8 $1 $17) 28... Bxg5
29. Qb6 Qxb3 30. Qxb7 Qa3+ 31. Kb1 Qb3+ $11) 24. Nc1 Be7 $36 {[%csl Rb2]})
21... axb3 22. Nc3 $4 {[%csl Yb1,Yb4,Yc3][%cal Yb4a3] White wrongly have begun
to build a fortress.It's already decisive mistake.} (22. Rc1 Qb6 23. Ba3 d5 $17
) ({It was necessary:} 22. Bc3 {[%cal Yb1c1,Yc1d2] =/+/-/+}) 22... d5 $1 $19 {
[%csl Rb1] Black perfectly use weakness of the White's king.} ({Leads to
benefit of the contender:} 22... Qb6 $2 23. Ba3 d5 24. Qg3 $1 $132 {[%csl Re5,
Re8][%cal Gg3e5]} (24. Nxd5 $2 Bxd5 25. exd5 {[%cal Ge1e5]} Bxa3 26. bxa3 Qd6
$1 $17)) 23. Bxf8 $8 ({Impossibly:} 23. Ba3 {in view of:} Bxa3 24. bxa3 Qxc3)
23... Kxf8 ({After this move my young contender resigns,though he still could
check up my accuracy:} 23... Kxf8 24. exd5 (24. Kc1 $2 d4 {[%csl Rc1][%cal
Gd4c3]}) 24... Qa5 25. Kc1 Qa1+ 26. Nb1 $8 (26. Kd2 Qxb2+ {[%csl Rc3]}) 26...
Rc8+ 27. Kd2 Qxb2+ 28. Ke3 Qd4+ {[%cal Gc8c2]} 29. Ke2 $8 Bxd5 30. Qg3 (30. Qe3
$2 Qg4+ {[%cal Gc8c2,Gg4g2]}) 30... Rc2+ 31. Rd2 Ke7 {[%cal Gh8c8]} 32. Kf1 f6
33. gxf6+ Kxf6 $19) 0-1

[Event "SUI-ch"]
[Site "Scuol"]
[Date "2001.07.17"]
[Round "6"]
[White "Golubev, Mikhail"]
[Black "Horvath, Tamas"]
[Result "1-0"]
[WhiteElo "2526"]
[BlackElo "2353"]
[Annotator "Golubev,M"]
[PlyCount "83"]
[EventDate "2001.07.12"]
[EventType "swiss"]
[EventRounds "9"]
[EventCountry "SUI"]
[SourceTitle "CBM 083 Extra"]
[Source "ChessBase"]
[SourceDate "2001.09.11"]
[SourceVersion "1"]
[SourceVersionDate "2001.09.11"]
[SourceQuality "1"]

1. e4 c5 2. Nf3 e6 3. d4 cxd4 4. Nxd4 Nf6 5. Nc3 Nc6 6. Ndb5 d6 7. Bf4 e5 8.
Bg5 a6 9. Na3 b5 10. Bxf6 gxf6 11. Nd5 f5 12. exf5 Bxf5 13. c3 Bg7 14. Nc2 O-O
({Another popular and deeply studied line here is} 14... Be6) 15. Nce3 Be6 16.
Bd3 f5 17. O-O {First used by Vassily Ivanchuk in his game against Kramnik 
(London, 1994).} Ra7 {The most popular reply.} ({Black can't play} 17... f4 $2
{because of} 18. Qh5 $1 $18) ({and after} 17... e4 {White has} 18. Nf4 $1 {
with good chances, as in Anand-Kramnik, Linares 1998}) (17... Ne7 $2 {doesn't
work here because of} 18. Nxe7+ Qxe7 19. Bxf5 $1 Bxf5 20. Nxf5 Rxf5 21. Qd5+
$18) 18. a4 $5 {This move become quite popular recently, after my succesful
game against Nechaev (Donetsk Zt 1998). Earlier 18.a4 occurred in
Lapinskaite-Jurkiewicz, Mureck Ech girls U16 1998. 18...f4 is still
unprofitable for Black because of 19.Qh5 - so why not to disturb him on the
queenside?.} ({Another interesting possibility is} 18. f4 $5 Raf7 19. a4 b4 20.
Bxa6 bxc3 21. bxc3 Qa5 22. Bb5 Qa8 23. Kh1 Nd4 24. cxd4 exd4 25. Nb6 Qb8 26.
Ned5 Rb7 27. Bc4 {1-0 Jenni,F-Jakob,S/ch-SUI, Scuol SUI 2001}) (18. Qh5 Raf7 {
, as in Svidler-Kramnik, Linares 1998, probably offers good prospects for
Black.}) 18... Ne7 $5 {[#] Kramnik's move.} (18... b4 19. Qh5 $5 e4 20. Nf4 Bf7
21. Bc4 $14 Qf6 $2 22. Nfd5 $1 Qe5 23. Qxf5 $18 {Golubev-Nechaev, Donetsk Zt
1998}) (18... bxa4 {should be somewhat better for White as well.}) 19. axb5 $5
$146 {Perhaps this new idea is quite disputable but I'm not one who could
easily avoid possibility to make such a move.} ({The main line currently is} 
19. Nxe7+ Rxe7 20. axb5 axb5 {, and now:} 21. Bc2 $5 (21. Bxf5 Rxf5 22. Nxf5
Bxf5 23. Qf3 Qd7 $13 {David-Yakovich, Saint-Vincent Ech 2000}) (21. Bxb5 d5 22.
Nc2 Rb7 23. Bc6 Rxb2 24. Ra8 Qd6 25. Ra6 Qc5 26. Nb4 Qxc3 27. Bxd5 Qxb4 28.
Bxe6+ {, and here draw was agreed in Svidler-Kramnik, Wijk aan Zee 1999.}) (21.
Ra6 d5 22. Rxe6 Rxe6 23. Nxf5 e4 $13 {Zelcic-Sermek, Belisce 1999}) 21... d5
22. Bb3 (22. Qh5 $143 Qe8 $5 23. Qxe8 Rexe8 24. Rfd1 d4 $132 {1/2-1/2
Golubev-Wiersma, Dieren 1999}) 22... f4 $1 23. Nxd5 Rd7 $1 24. Nb4 $1 Rxd1 25.
Bxe6+ Kh8 26. Raxd1 Qe7 27. Bd5 e4 28. Rfe1 e3 29. Bf3 {, and Black faced
certain troubles in Topalov-Leko, Istanbul Ol (Men) 2000 (+/=)}) ({Deserves
attention also} 19. Bc2 $5 {, as in Wedberg-Von Bahr, Stockholm 2000}) 19... f4
$6 ({Critical is} 19... Nxd5 {and further, e.g.,} 20. Bxf5 ({or} 20. Bc4 Nf4
21. Bxe6+ Nxe6 22. Qd5 Qf6 23. Rxa6 Rd7) 20... Rxf5 21. Nxf5 Nf4 22. Ne3 (22.
Nxd6 $2 Rd7 23. Rxa6 Bf8) (22. Rxa6 $2 Rxa6 23. bxa6 Bxf5 24. a7 Be6) 22... a5
23. c4 (23. b4 d5 24. Rxa5 Rxa5 25. bxa5 Qxa5 26. g3 Nh3+ 27. Kg2 Qxb5 28. Qh5
Qd7 $1) 23... e4 24. c5) 20. Nxe7+ Rxe7 21. Qh5 Bf6 ({After} 21... Rf6 22. Nf5
Ref7 {, White probably could play} 23. Nxg7 Rxg7 24. Rxa6) 22. Nf5 $16 Bxf5 23.
Bxf5 $5 (23. Qxf5 axb5 24. Bxb5 Bg7 {followed by ...e4}) 23... axb5 24. Ra6 Kh8
25. Rd1 d5 26. Rc6 d4 $6 (26... Qa8 27. Qh6 Bg5 28. Qxg5 Rg7 29. Qh6 Rxf5 30.
Qe6 Rf8 31. Qxd5 $16) (26... Qe8 27. Qxe8 (27. Qh6 Bg5 28. Qxg5 Rg7 29. Qh6
Rxf5 $11) 27... Rexe8 28. Rxd5 e4 29. Kf1 $16) 27. Rc8 $18 Qxc8 28. Bxc8 Rxc8
29. cxd4 Rd8 30. Qf5 Bg7 31. d5 Red7 32. h4 h6 33. b4 Rxd5 34. Rxd5 Rxd5 35.
Qc8+ Kh7 36. Qc6 Rd1+ 37. Kh2 Rd2 38. f3 Rd1 39. Qxb5 Bf6 40. h5 Kg7 41. Qb7+
Kg8 42. b5 1-0

[Event "Bad Woerishofen op 21st"]
[Site "Bad Woerishofen"]
[Date "2005.03.09"]
[Round "7"]
[White "Zaragatski, Ilja"]
[Black "Zhang, Pengxiang"]
[Result "0-1"]
[WhiteElo "2340"]
[BlackElo "2560"]
[Annotator "Gutman,L"]
[PlyCount "78"]
[EventDate "2005.03.04"]
[EventType "swiss"]
[EventRounds "9"]
[EventCountry "GER"]
[SourceTitle "EXT 2006"]
[Source "ChessBase"]
[SourceDate "2005.11.24"]
[SourceVersion "1"]
[SourceVersionDate "2005.11.24"]
[SourceQuality "1"]

1. e4 c5 2. Nf3 Nc6 3. d4 cxd4 4. Nxd4 Qb6 5. Nb3 Nf6 6. Nc3 e6 7. Be3 Qc7 8.
Bd3 a6 9. f4 d6 10. Qf3 b5 11. O-O-O (11. O-O) 11... Bb7 12. g4 (12. Kb1 h5 (
12... Nb4) 13. Rhe1 (13. Rhf1 Be7 14. f5 O-O-O) 13... Be7 14. Bf2) 12... Nb4
13. g5 (13. Kb1) 13... Nxd3+ (13... Nd7 14. Kb1 Nxd3 15. cxd3 Rc8 16. Rd2 Be7
17. h4) 14. Rxd3 (14. cxd3 Nd5) 14... Nd7 15. Re1 (15. Kb1 b4 16. Ne2 Rc8 17.
Rc1) 15... b4 16. Ne2 Rc8 17. Rd2 a5 18. Kb1 a4 19. Nbc1 Be7 20. Nd3 d5 21.
exd5 Bxd5 22. Qf2 O-O 23. Bd4 b3 24. cxb3 axb3 25. a3 Bc4 26. Nc3 Qa5 27. Ne5
Nxe5 28. Bxe5 Bc5 29. Bd4 Be7 30. Be5 Ra8 31. Ne4 Rfc8 32. Nd6 Bxd6 33. Rxd6
Bd5 34. Qe3 Qc7 35. Qd2 Ra5 36. f5 Rc5 37. Rxd5 Rxd5 38. Bxc7 Rxd2 39. Bf4 Rf2
0-1

[Event "London m"]
[Site "London"]
[Date "1998.04.20"]
[Round "5"]
[White "Rowson, Jonathan"]
[Black "Adams, Michael"]
[Result "0-1"]
[WhiteElo "2485"]
[BlackElo "2670"]
[Annotator "Hansen,Cu"]
[PlyCount "58"]
[EventDate "1998.04.16"]
[EventType "match"]
[EventRounds "6"]
[EventCountry "ENG"]
[SourceTitle "CBM 065"]
[Source "ChessBase"]
[SourceDate "1998.08.06"]
[SourceVersion "1"]
[SourceVersionDate "1998.08.06"]
[SourceQuality "1"]

1. e4 {Manor,I Petursson} c5 2. Nf3 Nc6 3. d4 cxd4 4. Nxd4 Nf6 5. Nc3 e5 6.
Ndb5 d6 7. Nd5 Nxd5 8. exd5 Nb8 9. a4 Be7 10. Be2 (10. Be3 {Manor,I} Nd7 11.
Be2 a6 12. Na3 f5 13. Nc4 f4 14. Bd2 a5 15. b4 O-O 16. bxa5 e4 17. Bb4 Bf6 18.
Ra3 Ne5 19. Nb6 Rb8 20. Nxc8 Rxc8 $40 {1-0 Malisauskas,V-Ciemniak,R/POL-chT
1991 (41)}) 10... O-O 11. O-O Nd7 (11... f5 {Manor,I} 12. a5 a6 13. Nc3 Nd7 14.
Kh1 Kh8 15. f4 Bf6 16. Be3 exf4 17. Bxf4 Ne5 18. Qd2 Bd7 19. Na4 Bxa4 20. Rxa4
Ng6 21. Be3 Be5 22. Bd3 f4 23. Bg1 Nh4 24. g3 Qd7 25. Rb4 Nf5 26. gxf4 $16 {
1-0 Ivanov,A-Dolmatov,S/URS-FL 1979 (39)}) 12. Be3 a6 13. Na3 f5 14. f3 f4 {
At first sight this move looks positionally dubious as black loses control of
e4. However it will take some moves before Na3 is in control of this vital
square. In the meantime black can build up a promising attack} 15. Bf2 Qe8 $1 {
[%csl Ra3,Rh2]} 16. Nc4 Qh5 17. Kh1 Rf6 {[%cal Yf6h6,Ye7h4,Yh4g3]} 18. g4 {
Something has clearly gone wrong for white} fxg3 19. Bxg3 Rg6 {[%cal Rg6g3]} (
19... Qf7 {Manor,I} 20. Qd2 b6 21. Ne3 Bb7 22. c4 a5 23. Ng4 Rf5 24. Ne3 Rf6
25. Ng4 Rf5 26. Ne3 Rf6 27. Ng4 {1/2-1/2 Fercec,N-Andrianov,N/Novi Sad op 1988}
) 20. f4 Qh6 21. Qe1 Nf6 {The game is a little bit similar to some
stonewall-variations where black also builds up with heawy pieces in the h-<->
before completing the developement of the Q-side pieces} 22. fxe5 Ne4 {[%cal
Re4g3]} 23. Ra3 (23. Bf4 $142 Bh3 $1 (23... Qh3 $2 24. Bf3) (23... Bg5 24. Bxg5
(24. Qc1 Ng3+ $1) 24... Qxg5 (24... Rxg5 25. Rg1 Bh3 26. Bf3 $16) 25. Bf3 $16)
24. Bxh6 Bg2+ 25. Kg1 Bf3+ 26. Qg3 Nxg3 27. Rxf3 (27. Bxf3 Nxf1+ 28. Kxf1 Rxh6
$17) (27. hxg3 Bxe2 $17) 27... Nxe2+ 28. Kf2 (28. Kf1 Nd4 29. Rf4 dxe5 30. Nxe5
Rxh6 31. Rxd4 Rxh2 $17) 28... Nd4 $17 (28... Nd4 {Manor,I} 29. Bf4 Bh4+ 30. Bg3
Nxf3 $17)) (23. Rg1 {Manor,I} Rxg3 $1 24. Rxg3 Bh4 $15) 23... Rxg3 24. Rxg3 Bh4
25. Rgf3 (25. Kg1 $1 {Petursson} Bxg3 (25... b5 $1 26. Nxd6 Bxg3 27. hxg3 Nxd6
28. exd6 Qxd6 $14) 26. hxg3 Qh3 (26... Qg5 27. Kg2 dxe5 28. Bd3 $16) 27. e6 $3
Nxg3 (27... Bxe6 28. Bf3 $1 $16) 28. Rf8+ Kxf8 29. e7+ Ke8 30. Nxd6+ Kxe7 31.
Bg4+ Kxd6 32. Bxh3 $18) (25. Kg1 $1 $13 {Manor,I}) 25... Bg4 (25... Bxe1 $4 {
Petursson} 26. Rf8#) (25... Bh3 $4 {Petursson} 26. Rxh3 $18) 26. R3f2 {This
miserable move equals resignation, but White is already lost:} (26. Qd1 {
Petursson} Bg3 $1 27. R3f2 (27. Rxg3 {Manor,I} Nxg3+ 28. Kg2 Bxe2 $19) 27...
Bh3 $1 $19) (26. Qc1 {Petursson} Bxf3+ 27. Bxf3 Ng3+ 28. Kg1 Bg5 29. Qd1 Nxf1
30. Qxf1 Bf4 31. h3 Bxe5 $19) 26... Nxf2+ 27. Rxf2 Bxf2 28. Qxf2 Rf8 29. Qe1
Qh3 (29... Qh3 {Petursson WHITE RESIGNED, as there is no hope in} 30. Kg1 b5
31. axb5 axb5 32. Bf1 Rxf1+ 33. Qxf1 Qxf1+ 34. Kxf1 bxc4 35. exd6 Kf7 $19) 0-1

[Event "Vejle"]
[Site "Vejle"]
[Date "1994.??.??"]
[Round "?"]
[White "Mortensen, Erling"]
[Black "Nunn, John DM"]
[Result "1-0"]
[WhiteElo "2470"]
[BlackElo "2605"]
[Annotator "Hansen,LB"]
[PlyCount "109"]
[EventDate "1994.02.??"]
[EventType "tourn"]
[EventRounds "9"]
[EventCountry "DEN"]
[EventCategory "10"]
[SourceTitle "CBM 040"]
[Source "ChessBase"]
[SourceDate "1994.06.01"]
[SourceVersion "1"]
[SourceVersionDate "1994.06.01"]
[SourceQuality "1"]

1. e4 c5 2. Nf3 e6 3. d4 cxd4 4. Nxd4 Nf6 5. Nc3 Nc6 6. Ndb5 d6 7. Bf4 e5 8.
Bg5 a6 9. Na3 b5 10. Nd5 Be7 11. Bxf6 Bxf6 12. c3 Bb7 (12... O-O 13. Nc2 Rb8
14. a3 a5 15. h4 Ne7 $1 $146 (15... g6 $6 16. g3 Bg7 17. h5 Ne7 18. hxg6 hxg6
19. Nce3 Nxd5 20. Nxd5 Be6 21. Bh3 Bxd5 22. Qxd5 $16 {Shirov,A-Illescas,M/
Linares/1994/}) 16. Nce3 Nxd5 17. Nxd5 Be6 18. g3 Qd7 $1 19. Bg2 Bd8 $1 20. O-O
Bb6 21. Qd2 $14 {Kasparov,G-Kramnik,V/Moskva Intel rapid/1994/}) 13. Nc2 Nb8
14. g3 Nd7 15. h4 (15. Nce3 O-O 16. h4 g6 17. Bh3 $5 $146 Bg7 18. h5 Nf6 19.
hxg6 hxg6 20. Qd3 Nxd5 21. Nxd5 Bh6 22. Rd1 Kg7 23. Bg2 Rc8 24. Ne3 Bxe3 25.
Qxe3 Rh8 26. Rxh8 Kxh8 27. Bh3 Rc4 28. f3 $14 {Anand,W-Nunn,J/Monaco Amber
blind/1994/}) 15... O-O 16. Nce3 g6 (16... Nc5 17. Bd3 $1 g6 18. Bc2 a5 19. a3
Bg7 20. h5 Bc8 21. hxg6 fxg6 22. Qe2 $16 {Anand,W-Kramnik,V/Monaco Amber blind/
1994/}) 17. Qg4 (17. Bh3 {Anand,W-Nunn,J/Monaco/1994/}) 17... Bg7 18. h5 Nf6 (
18... f5 $6 19. Qh3 $16 {-> Mortensen}) 19. Nxf6+ Qxf6 20. Rd1 $14 Rac8 21. Bg2
Rfd8 22. O-O Rc5 23. Rd3 Bh6 24. Rfd1 $5 (24. Nf5 Bf8 25. Ne3 Bh6 $10 {
Mortensen}) 24... Bxe3 25. Rxe3 Bc8 $1 26. Qe2 Be6 27. b3 Rc6 28. Red3 Kg7 (
28... Qg5 29. Bf3 Kf8 $5 $132 {/\ Ke7}) 29. Bf3 Qg5 30. Kg2 $1 a5 $1 31. Rh1 a4
32. Qd1 axb3 33. axb3 Ra6 $1 34. Rh4 Kf6 $2 (34... Kf8 $1 35. hxg6 hxg6 36. Bg4
$5 {Mortensen} (36. Rh8+ Kg7 $1 $10 {Mortensen}) 36... Bxg4 (36... f5 $2 37.
Bf3 $16 {>< Kf8}) 37. Rxg4 Qh5 38. c4 $1 (38. Qf3 Ra1 $1 39. Rh4 (39. Rd1 $2
Rxd1 40. Qxd1 Ke7 $17 {/\ Rh8->}) 39... Qxf3+ 40. Kxf3 Ke7 $15) 38... bxc4 39.
bxc4 Kg7 $1 40. c5 $1 Rh8 41. cxd6 $1 {/\ Rh4} Qh2+ 42. Kf3 Ra2 43. Rd2 (43.
Qf1 $2 Qh5 $1 $17 {>< /^d1-h5}) 43... Rxd2 44. Qxd2 Qh5 $1 45. d7 Rd8 (45... f5
46. exf5 Qxf5+ (46... e4+ 47. Ke3 Qxg4 $2 48. Qd4+ $1 $16) 47. Kg2 Qxg4 48.
d8=Q Qh3+ (48... Qe4+ 49. f3 Rxd8 50. Qxd8 Qe2+ 51. Kg1 Qxf3 52. Qe7+ $10) 49.
Kf3 Qh1+ 50. Ke3 $10) 46. Qd1 $1 {/\ Kg2;f3;Rh4} f5 47. exf5 Qxf5+ 48. Kg2 Rxd7
$10) 35. hxg6 hxg6 36. Bg4 $1 $16 {>< Kf6} Ke7 37. Bxe6 Kxe6 38. Rh7 $1 f5 $8
39. c4 $1 fxe4 40. Re3 bxc4 41. bxc4 d5 $8 42. Qb3 $1 Rad6 43. cxd5+ Rxd5 44.
Rc3 $18 {>< Ke6} Qd2 45. Rc6+ Kf5 46. g4+ $1 Kg5 47. Qg3 Qxf2+ $5 48. Qxf2 Rd2
49. Rh3 Rxf2+ 50. Kxf2 Rd2+ 51. Ke1 Rg2 52. Rh8 Rxg4 53. Rg8 Kf5 54. Rf8+ Kg5
55. Re6 1-0